000 00325nam a22001457a 4500
008 230502b ||||| |||| 00| 0 eng d
020 _a9780815300922
041 _aeng
080 _a030
082 _a030FRU
100 _a44
101 _aENCIKLO
245 _aENCYCLOPEDIA OF EASTERN EUROPE
_cFRUCHT.R
942 _2udc
_cBK
999 _c59644
_d59644